[Event "CAN Transnational op"]
[Site "Montreal"]
[Date "2023.06.09"]
[Round "5"]
[White "Lenderman, Aleksandr"]
[Black "Posthuma, Joshua G"]
[Result "1/2-1/2"]
[WhiteElo "2566"]
[BlackElo "2457"]
[PlyCount "93"]
[EventDate "2023.06.06"]
[EventType "swiss"]
[EventRounds "9"]
[EventCountry "CAN"]
[SourceTitle "CBM 214 Extra"]
[Source "ChessBase"]
[SourceDate "2023.07.31"]
[SourceVersion "1"]
[SourceVersionDate "2023.07.31"]
[SourceQuality "1"]

1. d4 d5 2. c4 e6 3. Nc3 a6 4. cxd5 exd5 5. Nf3 c6 6. Qc2 Nf6 7. Bg5 Be6 8. e3 h6 9. Bf4 c5 10. dxc5 Bxc5 11. Be2 Nc6 12. 0-0 0-0 13. Rfd1 Qe7 14. Ne5 Nb4 15. Qb1 Bd6 16. Bg3 Rfd8 17. Nf3 Bc5 18. Bh4 Nc6 19. Nd4 Nxd4 20. exd4 Bb4 21. Qd3 Rac8 22. Rac1 Bxc3 23. Rxc3 Bf5 24. Qe3 Qxe3 25. fxe3 g5 26. Rf1 Bg4 27. Rxf6 Rxc3 28. bxc3 Bxe2 29. Bg3 Rc8 30. Rxh6 Rc6 31. Rxc6 bxc6 32. h4 gxh4 33. Bxh4 Kg7 34. Kf2 Bc4 35. a3 Kg6 36. g4 f6 37. Kg3 Bd3 38. Kf4 Kf7 39. Bf2 Ke6 40. Kg3 Be2 41. Kh4 Kf7 42. Bg3 Bf3 43. Bc7 Be4 44. Kg3 Bd3 45. Kf4 Ke6 46. Bd8 Bb1 47. g5 1/2-1/2

[Event "Chicago op 32nd"]
[Site "Chicago"]
[Date "2023.05.27"]
[Round "4"]
[White "Lin, Dachey"]
[Black "Posthuma, Joshua G"]
[Result "1/2-1/2"]
[WhiteElo "2299"]
[BlackElo "2457"]
[PlyCount "138"]
[EventDate "2023.05.25"]
[EventType "swiss"]
[EventRounds "9"]
[EventCountry "USA"]
[SourceTitle "CBM 214 Extra"]
[Source "ChessBase"]
[SourceDate "2023.07.31"]
[SourceVersion "1"]
[SourceVersionDate "2023.07.31"]
[SourceQuality "1"]

1. c4 c5 2. g3 g6 3. Bg2 Bg7 4. Nc3 Nc6 5. a3 d6 6. Rb1 a5 7. Nf3 e5 8. 0-0 Nge7 9. Ne1 Be6 10. d3 0-0 11. Bg5 f6 12. Be3 Rb8 13. Nc2 Nd4 14. Bd2 d5 15. cxd5 Nxd5 16. Nxd5 Bxd5 17. Bxa5 b6 18. Bxd5+ Qxd5 19. Bc3 f5 20. Ne3 Qe6 21. b4 f4 22. Bxd4 exd4 23. Ng2 fxg3 24. hxg3 Rbe8 25. bxc5 bxc5 26. Rb5 Qa2 27. Re1 Qxa3 28. Qc2 Rf5 29. Nh4 Rh5 30. Reb1 Qa8 31. Rb7 Rhe5 32. Qc4+ Kh8 33. Qf7 Rg8 34. Ra7 Qe8 35. Qxe8 Rexe8 36. Kf1 Ra8 37. Rc7 Rgc8 38. Rbb7 Rxc7 39. Rxc7 Bf8 40. Nf3 Ra1+ 41. Kg2 Ra2 42. Ng5 Rxe2 43. Kf3 Re7 44. Rxc5 h6 45. Rc8 Kg7 46. Ne4 Rf7+ 47. Ke2 Rd7 48. g4 Bd6 49. Rc6 Bb8 50. Nc5 Re7+ 51. Kf3 Rf7+ 52. Kg2 Be5 53. Ne6+ Kh7 54. Rc5 Bf6 55. Rd5 Ra7 56. g5 hxg5 57. Nxd4 Bxd4 58. Rxd4 Kg7 59. Re4 Ra3 60. Re3 Kf6 61. Kf3 Kf5 62. d4 g4+ 63. Kg3 Ra5 64. Rd3 Rd5 65. Rd1 Ke4 66. Kxg4 Rxd4 67. Re1+ Kd5+ 68. f4 Re4 69. Rxe4 Kxe4 1/2-1/2

[Event "Toronto Excelsior GM 03"]
[Site "Toronto"]
[Date "2023.03.17"]
[Round "9"]
[White "Atanasov, Anthony"]
[Black "Posthuma, Joshua G"]
[Result "1/2-1/2"]
[WhiteElo "2361"]
[BlackElo "2441"]
[PlyCount "130"]
[EventDate "2023.03.13"]
[EventType "tourn"]
[EventRounds "9"]
[EventCountry "CAN"]
[EventCategory "7"]
[SourceTitle "CBM 213 Extra"]
[Source "ChessBase"]
[SourceDate "2023.05.31"]
[SourceVersion "1"]
[SourceVersionDate "2023.05.31"]
[SourceQuality "1"]

1. e4 c6 2. d4 d5 3. exd5 cxd5 4. Bd3 Nc6 5. c3 Qc7 6. h3 Nf6 7. Nf3 g6 8. Qc2 Nh5 9. 0-0 Nf4 10. Bb5 Bg7 11. Re1 0-0 12. Bxc6 bxc6 13. Ne5 Bf5 14. Qd1 Ne6 15. Ng4 Bxg4 16. Qxg4 c5 17. dxc5 Nxc5 18. Qe2 e5 19. Rd1 Rad8 20. Bg5 Rd7 21. Na3 f5 22. Be3 Ne6 23. Qa6 Rd6 24. Qa4 a6 25. f3 Rfd8 26. Rac1 e4 27. fxe4 dxe4 28. Rxd6 Qxd6 29. Nc4 Qd5 30. Bb6 Rc8 31. Ne3 Qc6 32. Qxc6 Rxc6 33. Nd5 Rd6 34. c4 Rxb6 35. Nxb6 Bd4+ 36. Kf1 Bxb6 37. b4 Kf7 38. c5 Bc7 39. a4 Ke7 40. b5 axb5 41. axb5 Bf4 42. Rc4 Kd7 43. Ra4 Nxc5 44. Ra7+ Kc8 45. Rxh7 e3 46. Rg7 Ne4 47. Rxg6 Ng3+ 48. Ke1 Be5 49. Re6 Bc3+ 50. Kd1 e2+ 51. Rxe2 Nxe2 52. Kxe2 f4 53. Kd3 Be5 54. Ke4 Bb8 55. Kf5 Kd7 56. h4 Ke7 57. h5 Kf7 58. h6 Bc7 59. b6 Bb8 60. Kg5 Bd6 61. Kf5 Kg8 62. b7 Kh7 63. Kg5 Bb8 64. Kh5 Bc7 65. Kg5 Bb8 1/2-1/2

[Event "Toronto Excelsior GM 03"]
[Site "Toronto"]
[Date "2023.03.16"]
[Round "8"]
[White "Posthuma, Joshua G"]
[Black "Nagy, Gabor"]
[Result "1-0"]
[WhiteElo "2441"]
[BlackElo "2497"]
[PlyCount "85"]
[EventDate "2023.03.13"]
[EventType "tourn"]
[EventRounds "9"]
[EventCountry "CAN"]
[EventCategory "7"]
[SourceTitle "CBM 213 Extra"]
[Source "ChessBase"]
[SourceDate "2023.05.31"]
[SourceVersion "1"]
[SourceVersionDate "2023.05.31"]
[SourceQuality "1"]

1. d4 d5 2. c4 e6 3. Nf3 a6 4. Nbd2 Nf6 5. g3 c5 6. Bg2 Nc6 7. 0-0 cxd4 8. cxd5 Nxd5 9. Nb3 Be7 10. Nbxd4 Nxd4 11. Nxd4 0-0 12. e4 Nb6 13. b3 a5 14. Be3 a4 15. Nb5 Nd7 16. Rc1 b6 17. e5 Ra5 18. Nd6 Ba6 19. b4 Rxe5 20. b5 Rxb5 21. Nxb5 Bxb5 22. Re1 Bb4 23. Qh5 Bc5 24. Red1 g6 25. Qh6 Qe7 26. Bxc5 Nxc5 27. Rd4 Rd8 28. Rcd1 Rxd4 29. Rxd4 Qf6 30. Qd2 Kg7 31. h4 Qe5 32. Rd6 a3 33. Rxb6 Na4 34. Rb7 Nc3 35. Kh2 h6 36. Qd8 Qf6 37. Qa5 Ba4 38. Qb4 Be8 39. Rb8 Nd5 40. Qxa3 Qxf2 41. Rxe8 Ne3 42. Qc3+ e5 43. Qxe5+ 1-0

[Event "Chicago op 31st"]
[Site "Chicago"]
[Date "2022.05.30"]
[Round "8"]
[White "Posthuma, Joshua G"]
[Black "Abrahamyan, Tatev"]
[Result "1-0"]
[WhiteElo "2405"]
[BlackElo "2297"]
[PlyCount "75"]
[EventDate "2022.05.26"]
[EventType "swiss"]
[EventRounds "9"]
[EventCountry "USA"]
[SourceTitle "CBM 208 Extra"]
[Source "ChessBase"]
[SourceDate "2022.07.31"]
[SourceVersion "1"]
[SourceVersionDate "2022.07.31"]
[SourceQuality "1"]

1. Nf3 Nf6 2. g3 e6 3. c4 d5 4. d4 dxc4 5. Bg2 a6 6. 0-0 Nc6 7. Nbd2 Nxd4 8. Nxc4 Nxf3+ 9. Bxf3 Qxd1 10. Rxd1 Be7 11. Na5 Nd5 12. e4 Nb6 13. Bf4 c6 14. Bc7 Nd7 15. Nc4 0-0 16. e5 f6 17. Bg4 Kf7 18. f4 Ra7 19. Nd6+ Bxd6 20. Rxd6 f5 21. Be2 b5 22. Rxc6 Bb7 23. Rd6 Ke7 24. Ba5 Bd5 25. Bb4 Kf7 26. Rd1 Re8 27. a4 bxa4 28. Bxa6 Nb8 29. Bb5 Rc8 30. R1xd5 exd5 31. e6+ Kg8 32. Rxd5 Na6 33. e7 Kf7 34. Rxf5+ Kg6 35. g4 Nc7 36. Bd3 Raa8 37. Bc3 Ne8 38. Rf6# 1-0

[Event "Chicago op 31st"]
[Site "Chicago"]
[Date "2022.05.28"]
[Round "4"]
[White "Posthuma, Joshua G"]
[Black "Adewumi, Tanitoluwa"]
[Result "1/2-1/2"]
[WhiteElo "2405"]
[BlackElo "2305"]
[PlyCount "188"]
[EventDate "2022.05.26"]
[EventType "swiss"]
[EventRounds "9"]
[EventCountry "USA"]
[SourceTitle "CBM 208 Extra"]
[Source "ChessBase"]
[SourceDate "2022.07.31"]
[SourceVersion "1"]
[SourceVersionDate "2022.07.31"]
[SourceQuality "1"]

1. Nf3 d5 2. d4 Nf6 3. c4 c6 4. e3 g6 5. Nc3 Bg7 6. Bd3 0-0 7. 0-0 Re8 8. Bd2 Nbd7 9. cxd5 cxd5 10. Rc1 e5 11. dxe5 Nxe5 12. Nxe5 Rxe5 13. Ne2 Ne4 14. Bxe4 dxe4 15. Bc3 Rd5 16. Qa4 Bf5 17. Bxg7 Kxg7 18. Rfd1 Rxd1+ 19. Rxd1 Qf6 20. Nc3 a6 21. h3 h5 22. Qb4 b5 23. Nxe4 Bxe4 24. Qxe4 Rc8 25. Rd2 Rc5 26. Qe8 Qc6 27. Rd7 Qf6 28. Rd8 Rc1+ 29. Kh2 Kh6 30. Qf8+ Qg7 31. Kg3 Qxf8 32. Rxf8 Kg7 33. Ra8 Rc2 34. Rxa6 Rxb2 35. e4 b4 36. e5 b3 37. axb3 Rxb3+ 38. f3 Re3 39. Kf4 Re2 40. g4 hxg4 41. hxg4 g5+ 42. Kxg5 Rxe5+ 43. Kh4 f6 44. Ra7+ Kh6 45. f4 Re4 46. Kg3 Re3+ 47. Kf2 Rb3 48. Ra6 Kg7 49. f5 Rc3 50. Re6 Kf7 51. Re3 Rc2+ 52. Kg3 Rc7 53. Ra3 Kg7 54. Kh4 Rc1 55. Ra7+ Kh6 56. Ra8 Rh1+ 57. Kg3 Rg1+ 58. Kf3 Kg7 59. Ra6 Rf1+ 60. Kg2 Rb1 61. Rd6 Rb3 62. Kf2 Ra3 63. Re6 Rb3 64. Re3 Rb1 65. Kf3 Rf1+ 66. Ke4 Rg1 67. Kd5 Kf7 68. Re4 Rd1+ 69. Rd4 Re1 70. Rc4 Rd1+ 71. Ke4 Kg7 72. Rc7+ Kh6 73. Rf7 Rd6 74. Re7 Rd1 75. Rf7 Rd6 76. Ke3 Ra6 77. Kd4 Kg5 78. Rg7+ Kf4 79. Kd5 Rb6 80. Rg6 Ra6 81. Kc5 Ke5 82. Rg8 Kf4 83. Rg7 Ke5 84. Kb5 Rd6 85. Re7+ Kf4 86. Re6 Rd8 87. Rxf6 Kxg4 88. Kc5 Kg5 89. Rf7 Rd1 90. Kc6 Rf1 91. Rg7+ Kf6 92. Rg8 Rxf5 93. Rf8+ Ke6 94. Rxf5 Kxf5 1/2-1/2

[Event "Saint Louis Congress IM"]
[Site "Saint Louis"]
[Date "2022.05.20"]
[Round "3"]
[White "Lee, Alice"]
[Black "Posthuma, Joshua G"]
[Result "1/2-1/2"]
[WhiteElo "2344"]
[BlackElo "2405"]
[PlyCount "182"]
[EventDate "2022.05.19"]
[EventType "tourn"]
[EventRounds "9"]
[EventCountry "USA"]
[EventCategory "3"]
[SourceTitle "CBM 208 Extra"]
[Source "ChessBase"]
[SourceDate "2022.07.31"]
[SourceVersion "1"]
[SourceVersionDate "2022.07.31"]
[SourceQuality "1"]

1. d4 Nf6 2. c4 b6 3. Nc3 Bb7 4. d5 e6 5. a3 Bd6 6. Nf3 0-0 7. g3 c6 8. Bg2 Na6 9. 0-0 cxd5 10. cxd5 Nxd5 11. Nxd5 exd5 12. b4 Nc7 13. Bb2 Re8 14. Re1 a5 15. Qd2 axb4 16. axb4 Qe7 17. Qd4 Ne6 18. Qxb6 Bxb4 19. Reb1 Bc6 20. Ne5 Qc5 21. Qxc5 Bxc5 22. Rd1 Rxa1 23. Bxa1 Ra8 24. Bc3 d4 25. Ba1 Bxg2 26. Kxg2 d6 27. Nf3 Ra4 28. Kf1 Kf8 29. Bb2 Ke7 30. Rd3 Rb4 31. Rd2 Rc4 32. Rd3 g5 33. h3 h5 34. Rd1 g4 35. hxg4 hxg4 36. Ne1 Bb4 37. Nd3 Bc3 38. Bc1 Ra4 39. Bf4 Nc5 40. Bg5+ Ke6 41. Bf4 Kd5 42. Rb1 Kc4 43. Nc1 d5 44. Bd6 Ne4 45. Bf4 Bd2 46. Nd3 Ra7 47. Rb8 Bxf4 48. Nxf4 Nc3 49. Rb2 Ra1+ 50. Kg2 Ra2 51. Rxa2 Nxa2 52. Nd3 Kc3 53. Kf1 Nb4 54. Nf4 Kd2 55. Ng2 d3 56. exd3 d4 57. Nf4 f5 58. Ng2 Kxd3 59. Nh4 Ke4 60. Ke2 d3+ 61. Kd2 Nc6 62. Ng2 Ne5 63. Ne3 Nf3+ 64. Kc3 Ng1 65. Kd2 Nh3 66. Ke1 Ke5 67. Nc4+ Kd5 68. Nd2 Kd4 69. Nf1 Ng5 70. Ne3 Ke4 71. Kd2 Nf3+ 72. Kc3 Nd4 73. Nd1 Ne6 74. Ne3 Ng7 75. Nd1 Nh5 76. Nb2 Kf3 77. Nxd3 Nf6 78. Kd2 Ne4+ 79. Ke1 Kg2 80. Nf4+ Kg1 81. Ne2+ Kg2 82. Nf4+ Kf3 83. Nd3 Nxf2 84. Nxf2 Kxg3 85. Kf1 f4 86. Nxg4 Kxg4 87. Kg2 f3+ 88. Kf2 Kf4 89. Kf1 Ke3 90. Ke1 f2+ 91. Kf1 Kf3 1/2-1/2

[Event "Titled Tuesday intern op 29th Mar Early"]
[Site "Chess.com INT"]
[Date "2022.03.29"]
[Round "7"]
[White "Chen, Qi B"]
[Black "Posthuma, Joshua G"]
[Result "0-1"]
[WhiteElo "2485"]
[BlackElo "2389"]
[PlyCount "54"]
[EventDate "2022.03.29"]
[EventType "swiss (blitz)"]
[EventRounds "11"]
[EventCountry "USA"]
[SourceTitle "CBM 207 Extra"]
[Source "ChessBase"]
[SourceDate "2022.05.31"]
[SourceVersion "1"]
[SourceVersionDate "2022.05.31"]
[SourceQuality "1"]

1. e4 c5 2. Nf3 Nc6 3. Bb5 e5 4. 0-0 Bd6 5. d4 Nxd4 6. Bc4 h6 7. Nxd4 cxd4 8. c3 Bc5 9. b4 Bb6 10. Bb2 dxc3 11. Nxc3 Nf6 12. Nb5 0-0 13. Nd6 Qe7 14. a3 Ne8 15. Nf5 Qf6 16. Kh1 d5 17. Bxd5 Bxf5 18. exf5 Rd8 19. Qf3 Nd6 20. g4 Bd4 21. Bxd4 exd4 22. Rad1 b6 23. a4 Rfe8 24. Rd3 Re5 25. Bb3 Ne4 26. Rfd1 Qh4 27. Kg2 h5 0-1

[Event "Titled Tuesday intern op 29th Mar Early"]
[Site "Chess.com INT"]
[Date "2022.03.29"]
[Round "6"]
[White "Posthuma, Joshua G"]
[Black "Aravindh, Chithambaram VR"]
[Result "0-1"]
[WhiteElo "2389"]
[BlackElo "2611"]
[PlyCount "68"]
[EventDate "2022.03.29"]
[EventType "swiss (blitz)"]
[EventRounds "11"]
[EventCountry "USA"]
[SourceTitle "CBM 207 Extra"]
[Source "ChessBase"]
[SourceDate "2022.05.31"]
[SourceVersion "1"]
[SourceVersionDate "2022.05.31"]
[SourceQuality "1"]

1. d4 g6 2. c4 Bg7 3. e4 c5 4. d5 d6 5. Bd3 Nf6 6. Nc3 0-0 7. h3 e6 8. Nf3 exd5 9. cxd5 b5 10. Nxb5 Nxe4 11. 0-0 Ba6 12. Qa4 Nf6 13. Rd1 Nxd5 14. Be4 Nb6 15. Qa5 d5 16. Bf4 Qc8 17. Bxd5 Nxd5 18. Rxd5 Nc6 19. Qa4 Nb4 20. Rd2 Qe8 21. Nc3 Qxa4 22. Nxa4 Nd3 23. Bd6 Rfc8 24. Rad1 c4 25. b3 c3 26. Rc2 Nb2 27. Rdc1 Nxa4 28. bxa4 Bd3 29. Be5 Bxe5 30. Nxe5 Bxc2 31. Rxc2 Rab8 32. Nd3 Rb1+ 33. Kh2 Rd1 34. Nb4 a5 0-1

[Event "Titled Tuesday intern op 29th Mar Early"]
[Site "Chess.com INT"]
[Date "2022.03.29"]
[Round "10"]
[White "Posthuma, Joshua G"]
[Black "Zemlyanskii, Ivan"]
[Result "1-0"]
[WhiteElo "2389"]
[BlackElo "2343"]
[PlyCount "69"]
[EventDate "2022.03.29"]
[EventType "swiss (blitz)"]
[EventRounds "11"]
[EventCountry "USA"]
[SourceTitle "CBM 207 Extra"]
[Source "ChessBase"]
[SourceDate "2022.05.31"]
[SourceVersion "1"]
[SourceVersionDate "2022.05.31"]
[SourceQuality "1"]

1. e4 c5 2. Nf3 e6 3. d4 cxd4 4. Nxd4 Nf6 5. Nc3 Nc6 6. Qd3 d5 7. exd5 exd5 8. Bg5 Bc5 9. Nf3 0-0 10. 0-0-0 Be6 11. Bxf6 Qxf6 12. Nxd5 Qh6+ 13. Qd2 Bxf2 14. Qxh6 gxh6 15. Bb5 Rad8 16. Bxc6 bxc6 17. Ne7+ Kg7 18. Nxc6 Rc8 19. Ncd4 Bg4 20. Rhf1 Be3+ 21. Kb1 Bh5 22. Nf5+ Kf6 23. Nxe3 Rfe8 24. Nd5+ Kg7 25. g4 Bg6 26. Rd2 Red8 27. Nh4 Be4 28. Nf5+ Kh8 29. Nfe7 Rc5 30. Nf6 Rxd2 31. Nxe4 Rcxc2 32. Nxd2 Rxd2 33. Rxf7 Rxh2 34. Nf5 h5 35. Rf8# 1-0

[Event "Charlotte CCCSA Spring IM-C"]
[Site "Charlotte"]
[Date "2022.03.20"]
[Round "8"]
[White "Ivanov, Mike"]
[Black "Posthuma, Joshua G"]
[Result "0-1"]
[WhiteElo "2339"]
[BlackElo "2389"]
[PlyCount "112"]
[EventDate "2022.03.16"]
[EventType "tourn"]
[EventRounds "9"]
[EventCountry "USA"]
[EventCategory "1"]
[SourceTitle "CBM 207 Extra"]
[Source "ChessBase"]
[SourceDate "2022.05.31"]
[SourceVersion "1"]
[SourceVersionDate "2022.05.31"]
[SourceQuality "1"]

1. e4 c6 2. Ne2 d5 3. e5 c5 4. d4 Nc6 5. c3 Bg4 6. h3 Bxe2 7. Bxe2 e6 8. 0-0 cxd4 9. cxd4 Nge7 10. Na3 Nf5 11. Nc2 Qb6 12. Be3 Be7 13. Bd3 g6 14. Rb1 Rc8 15. b4 0-0 16. Qd2 Rc7 17. a3 Rfc8 18. Rfd1 Nxe3 19. fxe3 Bg5 20. Kh1 Ne7 21. Ne1 Rc3 22. Nf3 Bh6 23. Qe1 Nf5 24. Bxf5 exf5 25. Rbc1 Qc7 26. Rxc3 Qxc3 27. Qh4 Qxe3 28. b5 Bf8 29. Qf6 Qxa3 30. e6 Qe7 31. exf7+ Qxf7 32. Qh4 Qe7 33. Qg3 Qe3 34. Kh2 Qa3 35. Qh4 Be7 36. Qe1 Qd6+ 37. Kh1 Rc2 38. Rd2 Rxd2 39. Nxd2 Kf7 40. Nf3 Bf6 41. Qc3 Qd7 42. Qa5 b6 43. Qa4 g5 44. Qc2 h5 45. g4 fxg4 46. Qh7+ Ke6 47. Qg8+ Kf5 48. hxg4+ hxg4 49. Nd2 Bxd4 50. Kg2 Qe6 51. Qh7+ Kf4 52. Qh2+ Ke3 53. Kf1 Kd3 54. Nb3 Qf5+ 55. Ke1 Bc3+ 56. Nd2 Qe5+ 0-1